00677 2200241 4500001002100000005001700021008004100038035002600079245001700105100001700122250000600139260004900145300009300194020002200287082000800309084001000317650001800327990001800345990001800363990001800381990001800399990001800417INLIS00000000000293920191230011024.0191230| ||| | ind  a 0010-12190000000293900cAndreas Lako0 aAndreas Lako a1 aErlangga : JakartabErlangga : Jakartac2015 a156 hlm; Rp. 87.000 APBD 2017 Jumlah 5 eks ;c156 hlm; Rp. 87.000 APBD 2017 Jumlah 5 eks a978-602-298-284-50 a300 a332,6 0aEkonomi 332.6 aB201707277179 aB201707277180 aB201707277181 aB201707277182 aB201707277183